00641nam a2200205Ia 4500008004000000020001800040041000800058082001600066100001700082245003700099260002300136300001000159650001300169650001200182650001700194690001500211906001100226999001900237952017900256210210b2013 xxu||||| |||| 00| 0 eng d a9788192420288 aeng a070.43 ELAN aELAHI (Raza) aNuances of journalistic writings aNew Delhib-c2013 aiv,76 awritings aNuances ajournalistic aJournalism a073679 c123421d123421 001040708JournalismaALbALcJournalismd2021-02-17eSapna Book House Pvt Ltd, K S Rao Road, Mangaloreg180.00l0o070.43 ELANp073679r2021-02-17 00:00:00w2021-02-17yBK